Sociální služby / Lucie Kozlová
Record details
- ISBN: 80-7254-662-7
- Physical Description: 79 s. : il. ; 20 cm
- Edition: Vyd. 1.
- Publisher: V Praze : Triton, 2005
Content descriptions
| Bibliography, etc. Note: | Obsahuje bibliografii a bibliografické odkazy |
Search for related items by subject
| Subject: | sociální služby sociální služby > Česko social service social service > Czechia |
| Genre: | monografie monographs |
Available copies
- 3 of 3 copies available at Common Catalog SPOK.
Holds
- 0 current holds with 3 total copies.
Show Only Available Copies
| Location | Call Number / Copy Notes | Barcode | Shelving Location | Status | Due Date |
|---|---|---|---|---|---|
| ETS Library | 361.3 | 424470013897 | Volný výběr | Available | - |
| Jabok Library | SPo-4.1.1 | 424480018584 | Odborná literatura | Available | - |
| Jabok Library | SPo-4.1.1/K | 424480018592 | Odborná literatura | Available | - |
Electronic resources
Version of Resource: Digitalizovaný dokument
| LDR | 01266nam a2200385 a 4500 | ||
|---|---|---|---|
| 001 | 11964 | ||
| 003 | CZ-PrJAB | ||
| 005 | 20191127100929.0 | ||
| 007 | ta | ||
| 008 | 050916s2005 xr a f 000 0 cze | ||
| 015 | . | ‡acnb001582409 | |
| 020 | . | ‡a80-7254-662-7 ‡q(brož.) | |
| 035 | . | ‡a(CZ PrNK)nkc20051582409 | |
| 035 | . | ‡a(OCoLC)83258699 | |
| 040 | . | ‡aBOA001 ‡bcze ‡dABA001 | |
| 043 | . | ‡ae-xr--- | |
| 072 | 7. | ‡a364-1/-7 ‡xDruhy sociální pomoci a služeb ‡2Konspekt ‡918 | |
| 080 | . | ‡a364-7 ‡2MRF | |
| 080 | . | ‡a(437.3) ‡2MRF | |
| 080 | . | ‡a(048.8) ‡2MRF | |
| 082 | . | ‡a361.3 | |
| 100 | 1 | . | ‡aKozlová, Lucie ‡7mzk2005304429 ‡4aut |
| 245 | 1 | 0. | ‡aSociální služby / ‡cLucie Kozlová |
| 250 | . | ‡aVyd. 1. | |
| 260 | . | ‡aV Praze : ‡bTriton, ‡c2005 | |
| 300 | . | ‡a79 s. : ‡bil. ; ‡c20 cm | |
| 504 | . | ‡aObsahuje bibliografii a bibliografické odkazy | |
| 650 | 0 | 7. | ‡asociální služby ‡7ph125812 ‡2czenas |
| 650 | 0 | 7. | ‡asociální služby ‡7ph125812 ‡zČesko ‡2czenas |
| 650 | 0 | 9. | ‡asocial service ‡2eczenas |
| 650 | 0 | 9. | ‡asocial service ‡zCzechia ‡2eczenas |
| 655 | 7. | ‡amonografie ‡7fd132842 ‡2czenas | |
| 655 | 9. | ‡amonographs ‡2eczenas | |
| 856 | 4 | 1. | ‡uhttp://kramerius4.nkp.cz/search/handle/uuid:4cfe8e40-813c-11e5-ac67-005056827e51 ‡yDigitalizovaný dokument |
| 910 | . | ‡aABG450 | |
| 910 | . | ‡aABG312 | |
| 901 | . | ‡a11964 ‡bCZ-PrJAB ‡c11964 ‡tbiblio ‡sets | |